=LDR 00000nam 2200000 4500 =001 INLIS000000000026555 =005 20130612125006 =008 ***********************************Ind** =035 ##$$0010-061300000026555 =041 ##$$a Ind =082 ##$$a 323.607 =090 ##$$a 323.607, Kar i =100 ##$$a Kartubi, Rudi =245 ##$$a Intisari pengetahuan sosial kewarganegaraan untuk SMP kelas VII, VIII dan IX, Rudy Kartubi =260 ##$$a 2005 $b Bandung =300 ##$$a 143 hlm, 18 cm =650 ##$$a Kewarganegaraan - Studi dan Pengajaran =850 ##$$a NBPNMAT